00667pab a2200193 454500008004000000100001900040245015300059260000900212300001500221362000800236650001400244650002800258700002100286773002500307908000600332909001100338999001900349952010500368180718b2014 xxu||||| |||| 00| 0 eng d aCarr, Jered B. aCity size and political participation in local government: Reassessing the contingent effects of residential location decisions within urban regions c2014 ap.269-302. aMar aElections aPolitical participation aTavares, Antonio aUrban Affairs Review aN a104862 c104857d104857 00104070aIIPAbIIPAd2018-07-19hVolume no: 50, Issue no: 2pAR105322r2018-07-19w2018-07-19yAR